LIBRARY & INFORMATION CENTRE, KCAET, TAVANUR

ONLINE PUBLIC ACCESS CATALOGUE (OPAC)

Citizen Tom pain ,vol 2 / (Record no. 1212)

MARC details
000 -LEADER
fixed length control field 00430cam a2200169ua 4500
041 ## - LANGUAGE CODE
Language code of text/sound track or separate title mal
082 ## - DEWEY DECIMAL CLASSIFICATION NUMBER
Classification number 894.812308
Item number VIS/CI
100 ## - MAIN ENTRY--AUTHOR NAME
Personal name Viswambharan, Chelattu .
245 ## - TITLE STATEMENT
Title Citizen Tom pain ,vol 2 /
260 ## - PUBLICATION, DISTRIBUTION, ETC. (IMPRINT)
Place of publication Alleppy :
Name of publisher Southern Bookstall ,
Year of publication 1960.
300 ## - PHYSICAL DESCRIPTION
Number of Pages 191 ; .
942 ## - ADDED ENTRY ELEMENTS (KOHA)
Koha item type Books
Holdings
Withdrawn status Lost status Damaged status Home library Current library Date acquired Full call number Accession Number Koha item type
Withdrawn     KAUAET Malayalam University 07/04/2012 894.812308 1205 Books
free website counter